| 000 | 00972nam a2200313Ia 4500 | ||
|---|---|---|---|
| 001 | Z_6008 | ||
| 003 | CHAP | ||
| 008 | 220113s2006 xx 000 0 und d | ||
| 010 | _a169220 | ||
| 020 | _a970-727-072-1 | ||
| 040 | _cCHAP | ||
| 082 | _a333.952 D47 | ||
| 245 |
_aDesarrollo sustentable de la pesca en México / _cCoord. Daniel B. Lluch Cota y Sergio Hernández Vázquez. |
||
| 260 |
_aMéxico : _bCentro de Investigaciones Biológicas del Noroeste, Senado de la República, _c2006 |
||
| 300 | _a436 p. | ||
| 650 |
_aAguas continentales _9143683 |
||
| 650 |
_aDiagnóstico _932393 |
||
| 650 |
_aGolfo de México _9143684 |
||
| 650 |
_aPacífico Tropical _9143685 |
||
| 650 |
_aProblemática _9143686 |
||
| 650 |
_aRecursos pesqueros _9143687 |
||
| 700 |
_aI. Lluch Cota, Daniel B., coor. II. Hernández Vázquez, Sergio, coor. _9143688 |
||
| 901 | _a333.952 D47 | ||
| 902 | _aM | ||
| 910 | _a2006 | ||
| 942 | _c1 | ||
| 942 | _cc1 | ||
| 999 |
_c169220 _d169220 |
||